书目信息 |
| 题名: |
五笔字型与排版零距离
|
|
| 作者: | 高志清 主编 ;王爱婷 编著 | |
| 分册: | ||
| 出版信息: | 北京 中国水利水电出版社 2007.05 |
|
| 页数: | 252页 | |
| 开本: | 26cm | |
| 丛书名: | 易学无忧系列丛书 | |
| 单 册: | ||
| 中图分类: | TP391.14 | |
| 科图分类: | ||
| 主题词: | 五笔字型输入法--wu bi zi xing shu ru fa--基本知识 , 汉字处理软件系统--han zi chu li ruan jian xi tong--排版--基本知识 | |
| 电子资源: | ||
| ISBN: | 978-7-5084-4587-8 | |
| 000 | 01207nam 2200277 450 | |
| 001 | 012008339479 | |
| 005 | 20080603170950.75 | |
| 010 | @a978-7-5084-4587-8@dCNY26.00 | |
| 100 | @a20080603d2007 em y0chiy0120 ea | |
| 101 | 0 | @achi |
| 102 | @aCN@b110000 | |
| 105 | @aak z 000yy | |
| 106 | @ar | |
| 200 | 1 | @a五笔字型与排版零距离@Awu bi zi xing yu pai ban ling ju li@f高志清主编@Fgao zhi qing zhu bian@g王爱婷等编著@Gwang ai ting deng bian zhu |
| 210 | @a北京@c中国水利水电出版社@d2007.05 | |
| 215 | @a252页@c图@d26cm | |
| 225 | 2 | @a易学无忧系列丛书@Ayi xue wu you xi lie cong shu |
| 330 | @a本书以现在最流行的86版五笔字型输入法为基础进行讲解,主要内容包括:键盘操作和指法练习、五笔字型基础与字根、汉字的拆分与输入、五笔输入法的设置、汉字的五笔字型字根表、常用的汉字拆分对照表、Windows XP的基本操作方法以及如何在Word中处理文字等。 | |
| 410 | 0 | @12001 @a易学无忧系列丛书 |
| 606 | 0 | @a五笔字型输入法@Awu bi zi xing shu ru fa@x基本知识 |
| 606 | 0 | @a汉字处理软件系统@Ahan zi chu li ruan jian xi tong@x排版@x基本知识 |
| 690 | @aTP391.14@v4 | |
| 701 | 0 | @a高志清@Agao zhi qing@4主编 |
| 702 | 0 | @a王爱婷@Awang ai ting@4编著 |
| 801 | 0 | @aCN@bQSSK@c20080603 |
| 905 | @b723443-44@dTP391.14@eG215@f2 | |
| 五笔字型与排版零距离/高志清主编/王爱婷等编著.-北京:中国水利水电出版社,2007.05 |
| 252页:图;26cm.-(易学无忧系列丛书) |
| ISBN 978-7-5084-4587-8:CNY26.00 |
| 本书以现在最流行的86版五笔字型输入法为基础进行讲解,主要内容包括:键盘操作和指法练习、五笔字型基础与字根、汉字的拆分与输入、五笔输入法的设置、汉字的五笔字型字根表、常用的汉字拆分对照表、Windows XP的基本操作方法以及如何在Word中处理文字等。 |
| ● |
| 相关链接 |
|
|
|
正题名:五笔字型与排版零距离
索取号:TP391.14/G215
 
预约/预借
| 序号 | 登录号 | 条形码 | 馆藏地/架位号 | 状态 | 备注 |
| 1 | 723443 | 207234438 | 自科库301/301自科库 65排3列4层/ [索取号:TP391.14/G215] | 在馆 | |
| 2 | 723444 | 207234447 | 自科库301/301自科库 65排3列4层/ [索取号:TP391.14/G215] | 在馆 |